000
00302 a2200145 4500
001
165800
020
_a
040
_c
Magnum
100
_a
Fiat Automoveis
240
1
0
_a
Biologia em circulacao
_l
por
245
1
0
_a
Biologia em circulacao
362
0
_a
1899
697
_a
PARADIDATICOS
942
_c
BK
999
_c
165800
_d
165800